مكتبة جامعة عجلون الوطنية

فهرس بحث المكتبة

Normal view MARC view
  • علوم إنسانية -- معاجم -- علم نفس -- معاجم -- علم اجتماع -- معاجم -- نظرية المعرفة

Entry Topical Term

Number of records used in: 1

001 - CONTROL NUMBER

  • control field: 29963

003 - CONTROL NUMBER IDENTIFIER

  • control field: JO-AjAnu

005 - DATE AND TIME OF LATEST TRANSACTION

  • control field: 20230606075048.0

008 - FIXED-LENGTH DATA ELEMENTS

  • fixed length control field: 230606|| aca||aabn | a|a d

040 ## - CATALOGING SOURCE

  • Original cataloging agency: JO-AjAnu
  • Transcribing agency: JO-AjAnu

150 ## - HEADING--TOPICAL TERM

  • Topical term or geographic name entry element: علوم إنسانية -- معاجم -- علم نفس -- معاجم -- علم اجتماع -- معاجم -- نظرية المعرفة

670 ## - SOURCE DATA FOUND

  • Source citation: Work cat.: (JO-AjAnu)15387: حجازي، سمير سعيد, author 29962,  معجم المصطلحات الحديثة في علم النفس و الاجتماع و نظرية المعرفة : عربي - فرنسي، وملحق فرنسي - عربي